[Event "COL Subzt 2.3.4"]
[Site "Risarald"]
[Date "2021.11.25"]
[Round "5"]
[White "Guerrero Ortega, Johan Nicolas"]
[Black "Soto Ramirez, Andres Camilo"]
[Result "1/2-1/2"]
[WhiteElo "1327"]
[BlackElo "1435"]
[PlyCount "93"]
[EventDate "2021.11.23"]
[EventType "swiss"]
[EventRounds "9"]
[EventCountry "COL"]
[SourceTitle "CBM 205 Extra"]
[Source "ChessBase"]
[SourceDate "2022.01.31"]
[SourceVersion "1"]
[SourceVersionDate "2022.01.31"]
[SourceQuality "1"]

1. d4 Nf6 2. c4 g6 3. Nc3 d5 4. Bg5 Bg7 5. Nf3 dxc4 6. e4 c5 7. d5 Qa5 8. Bxf6 Bxf6 9. e5 Bg7 10. Bxc4 0-0 11. 0-0 Bg4 12. Re1 Nd7 13. e6 fxe6 14. dxe6 Nb6 15. Be2 Bxc3 16. bxc3 Qxc3 17. Rc1 Qf6 18. Rxc5 Rad8 19. Qc1 Bxe6 20. a4 Rc8 21. Rxc8 Rxc8 22. Qa3 Rc7 23. a5 Nc4 24. Qd3 Rd7 25. Qc2 Nxa5 26. Qc8+ Kg7 27. Bb5 Rd5 28. Rxe6 Rxb5 29. h3 Rb1+ 30. Ne1 Qg5 31. Qc3+ Kf7 32. Re5 Qf6 33. Qxa5 Kg7 34. Qc7 Kf7 35. Qc4+ Kg7 36. Re2 a6 37. Kh2 b5 38. Qa2 Ra1 39. Qc2 b4 40. Nd3 a5 41. Qc7 Qd6+ 42. Qxd6 exd6 43. Rd2 b3 44. Rb2 a4 45. Nb4 d5 46. Nxd5 Ra2 47. Rb1 1/2-1/2

[Event "Central America Carribean-ch U20"]
[Site "Pereira"]
[Date "2021.09.23"]
[Round "4"]
[White "Guerrero Ortega, Johan Nicolas"]
[Black "Bolanos Lopez, Juan Jacobo"]
[Result "0-1"]
[WhiteElo "1253"]
[BlackElo "1603"]
[PlyCount "70"]
[EventDate "2021.09.21"]
[EventType "swiss"]
[EventRounds "9"]
[EventCountry "COL"]
[SourceTitle "EXT 2023"]
[Source "ChessBase"]
[SourceDate "2022.10.05"]
[SourceVersion "1"]
[SourceVersionDate "2022.10.05"]
[SourceQuality "1"]

1. d4 Nf6 2. c4 g6 3. Nc3 Bg7 4. e4 d6 5. Bg5 h6 6. Be3 0-0 7. Bd3 Ng4 8. Qd2 Nxe3 9. Qxe3 Nd7 10. Nge2 c5 11. d5 a6 12. 0-0 Rb8 13. Qd2 Qa5 14. a3 Ne5 15. Rab1 Nxd3 16. Qxd3 b5 17. cxb5 axb5 18. b4 cxb4 19. axb4 Qb6 20. h3 Bd7 21. Kh1 Rfc8 22. f4 Rc4 23. e5 Bf5 24. Qd2 Bxb1 25. Rxb1 dxe5 26. fxe5 Bxe5 27. Rf1 Bxc3 28. Nxc3 Qd4 29. Qe2 Rxc3 30. Qxe7 Qxd5 31. Qa7 Rbc8 32. Qa1 Rc2 33. Rg1 R8c3 34. Kh2 Qe5+ 35. Kh1 Rxh3+ 0-1

[Event "COL-chD"]
[Site "Bogota"]
[Date "2019.09.01"]
[Round "7"]
[White "Guerrero Ortega, Johan Nicolas"]
[Black "Cardona, Jacobo"]
[Result "0-1"]
[WhiteElo "1172"]
[BlackElo "1445"]
[PlyCount "56"]
[EventDate "2019.08.28"]
[EventType "swiss"]
[EventRounds "7"]
[EventCountry "COL"]
[SourceTitle "EXT 2020"]
[Source "ChessBase"]
[SourceDate "2019.10.17"]
[SourceVersion "1"]
[SourceVersionDate "2019.10.17"]
[SourceQuality "1"]

1. d4 Nf6 2. c4 g6 3. Nc3 d5 4. cxd5 Nxd5 5. e4 Nxc3 6. bxc3 Bg7 7. Nf3 c5 8. Be3 Nc6 9. Be2 Bg4 10. Bb5 0-0 11. Bxc6 bxc6 12. 0-0 cxd4 13. cxd4 c5 14. Qa4 Bxf3 15. gxf3 cxd4 16. Rad1 e5 17. f4 Qh4 18. Bc1 exf4 19. Ba3 f3 20. Kh1 Rfe8 21. Bc5 Rxe4 22. Qc6 Rae8 23. Rxd4 Bxd4 24. Bxd4 Qg4 25. Rg1 Qg2+ 26. Rxg2 Re1+ 27. Rg1 Rxg1+ 28. Kxg1 Re1# 0-1

[Event "COL-ch U10"]
[Site "Fusagasuga"]
[Date "2019.06.30"]
[Round "8"]
[White "Borre Meza, Orlando David"]
[Black "Guerrero Ortega, Johan Nicolas"]
[Result "0-1"]
[WhiteElo "1058"]
[BlackElo "1083"]
[PlyCount "120"]
[EventDate "2019.06.26"]
[EventType "tourn"]
[EventRounds "9"]
[EventCountry "COL"]
[SourceTitle "CBM 191 Extra"]
[Source "ChessBase"]
[SourceDate "2019.09.30"]
[SourceVersion "1"]
[SourceVersionDate "2019.09.30"]
[SourceQuality "1"]

1. d4 Nf6 2. c4 e6 3. Nc3 d5 4. Bg5 Bb4 5. Qc2 Nc6 6. e3 h6 7. Bh4 g5 8. Bg3 Ne4 9. Bd3 Bxc3+ 10. bxc3 Nxg3 11. hxg3 Ne7 12. Ne2 b6 13. g4 Bb7 14. f3 Qd6 15. e4 0-0-0 16. Qb3 c5 17. Rb1 Rd7 18. Qa3 Kc7 19. dxc5 Qxc5 20. Qxc5+ bxc5 21. Rb5 Ba6 22. Ra5 Kb6 23. Ra4 dxc4 24. Bxc4 Bxc4 25. Kf2 Bxe2 26. Kxe2 Kb5 27. Ra3 Kc6 28. Rb1 Rb7 29. Ra6+ Rb6 30. Rbxb6+ axb6 31. Ra7 Re8 32. g3 f5 33. Kf2 fxe4 34. fxe4 Rf8+ 35. Ke3 Ng6 36. Rh7 Ne5 37. Ke2 Nxg4 38. a3 Rf2+ 39. Kd3 Rf3+ 40. Kc2 Rxg3 41. Rg7 Nf6 42. Rg6 Nxe4 43. Rxe6+ Kd5 44. Rxh6 Rxc3+ 45. Kb2 g4 46. Rxb6 g3 47. Rg6 Rf3 48. a4 Rf2+ 49. Kb3 g2 50. a5 Rf3+ 51. Ka4 Rg3 52. Rxg3 Nxg3 53. a6 g1Q 54. Kb5 c4 55. Kb4 Qa7 56. Kc3 Qxa6 57. Kc2 Kd4 58. Kd2 Qa2+ 59. Kd1 Kd3 60. Kc1 Qa1# 0-1

[Event "COL-ch U10"]
[Site "Fusagasuga"]
[Date "2019.06.29"]
[Round "6"]
[White "Torres Rodriguez, Carlos Enrique"]
[Black "Guerrero Ortega, Johan Nicolas"]
[Result "0-1"]
[WhiteElo "1077"]
[BlackElo "1083"]
[PlyCount "106"]
[EventDate "2019.06.26"]
[EventType "tourn"]
[EventRounds "9"]
[EventCountry "COL"]
[SourceTitle "CBM 191 Extra"]
[Source "ChessBase"]
[SourceDate "2019.09.30"]
[SourceVersion "1"]
[SourceVersionDate "2019.09.30"]
[SourceQuality "1"]

1. e4 c5 2. Nf3 Nc6 3. d4 cxd4 4. Nxd4 g6 5. Nc3 Bg7 6. Be3 Nf6 7. Qd2 Ng4 8. Nxc6 bxc6 9. 0-0-0 Nxe3 10. Qxe3 Qb6 11. Qxb6 axb6 12. Kb1 Bxc3 13. bxc3 0-0 14. Bc4 b5 15. Bb3 c5 16. c4 bxc4 17. Bxc4 Ra4 18. Bd3 c4 19. Be2 d6 20. c3 Be6 21. Rd2 Rb8+ 22. Rb2 Rxb2+ 23. Kxb2 Ra5 24. Ra1 Kf8 25. Kc2 Ke8 26. Kd2 Kd7 27. Ke3 Kc7 28. Kd4 Kb6 29. Bxc4 Ra4 30. Rb1+ Kc7 31. Rb4 Rxb4 32. cxb4 Bxc4 33. Kxc4 e6 34. a4 Kb6 35. e5 d5+ 36. Kd4 g5 37. b5 h6 38. a5+ Kxb5 39. f3 Kxa5 40. g3 Kb4 41. h3 Kb3 42. Kd3 Kb2 43. f4 gxf4 44. gxf4 h5 45. Kd4 h4 46. f5 exf5 47. Kxd5 Kc2 48. Kd6 f4 49. Ke7 f3 50. Kxf7 f2 51. e6 f1Q+ 52. Ke8 Qxh3 53. e7 Qe6 0-1

[Event "COL-ch U12 sf1"]
[Site "Duitama"]
[Date "2019.04.13"]
[Round "4.10"]
[White "Guerrero Ortega, Johan Nicolas"]
[Black "Garzon Restrepo, Fray"]
[Result "0-1"]
[WhiteElo "1080"]
[BlackElo "1227"]
[PlyCount "22"]
[EventDate "2019.04.11"]
[EventType "swiss"]
[EventRounds "6"]
[EventCountry "COL"]
[SourceTitle "EXT 2024"]
[Source "ChessBase"]
[SourceDate "2023.10.10"]
[SourceVersion "1"]
[SourceVersionDate "2023.10.10"]
[SourceQuality "1"]

1. d4 d5 2. Nf3 Nf6 3. Bg5 e6 4. c4 dxc4 5. e4 Be7 6. Bxf6 Bxf6 7. Bxc4 c5 8. e5 Be7 9. 0-0 Nc6 10. Nc3 cxd4 11. Nxd4 Qxd4 0-1

[Event "COL-ch"]
[Site "Bogota"]
[Date "2018.11.12"]
[Round "9"]
[White "Campos Cruz, Felix Antonio"]
[Black "Guerrero Ortega, Johan Nicolas"]
[Result "1/2-1/2"]
[WhiteElo "1318"]
[BlackElo "1115"]
[PlyCount "39"]
[EventDate "2018.11.06"]
[EventType "swiss"]
[EventRounds "9"]
[EventCountry "COL"]
[SourceTitle "CBM 187 Extra"]
[Source "ChessBase"]
[SourceDate "2018.11.04"]
[SourceVersion "1"]
[SourceVersionDate "2018.11.04"]
[SourceQuality "1"]

1. e4 c5 2. Bc4 d6 3. d3 Nf6 4. h3 g6 5. Nc3 Nc6 6. a3 Bg7 7. Bg5 0-0 8. Nf3 Be6 9. Qd2 d5 10. exd5 Nxd5 11. Nxd5 Bxd5 12. Bxd5 Qxd5 13. c3 Ne5 14. Nxe5 Qxg2 15. 0-0-0 Bxe5 16. Bxe7 Rfc8 17. Kb1 Rc7 18. Bh4 Rac8 19. Bg5 f6 20. Bh6 1/2-1/2

[Event "Bogota AlphaZero op"]
[Site "Bogota"]
[Date "2018.08.20"]
[Round "7"]
[White "Bejarano, Martha"]
[Black "Guerrero Ortega, Johan Nicolas"]
[Result "0-1"]
[WhiteElo "1496"]
[BlackElo "1115"]
[PlyCount "54"]
[EventDate "2018.08.17"]
[EventType "swiss"]
[EventRounds "7"]
[EventCountry "COL"]
[SourceTitle "CBM 186 Extra"]
[Source "ChessBase"]
[SourceDate "2018.08.24"]
[SourceVersion "1"]
[SourceVersionDate "2018.08.24"]
[SourceQuality "1"]

1. e4 c5 2. Nc3 d6 3. d3 Nf6 4. Bd2 a6 5. Nf3 e6 6. Be2 Be7 7. 0-0 0-0 8. h3 Bd7 9. b3 Qc7 10. Qc1 Nc6 11. Qa3 b5 12. b4 cxb4 13. Qb2 bxc3 14. Bxc3 Rfc8 15. Ng5 Ne5 16. Qc1 Qxc3 17. a3 Qxc2 18. Qe3 Qc5 19. Qg3 h6 20. Rac1 Qxa3 21. Qf4 Rxc1 22. Rxc1 Nh5 23. Qd2 Bxg5 24. f4 Bxf4 25. Qe1 Qxc1 26. Kf2 Bg3+ 27. Kf1 Qxe1# 0-1